Cargando...

Contemporary religious conversions /

Detalles Bibliográficos
Autor Principal: Mathew, Joseph
Formato: Printed Book
Idioma:English
Publicado: New Delhi: Authorspress, 2001.
LEADER 00741nam a2200145Ia 4500
008 121027s9999 xx 000 0 eng d
020 |a 8172730705 
082 |a 291.42  |b MAT/C 
100 |a Mathew, Joseph 
245 |a Contemporary religious conversions / 
260 |a New Delhi:  |b Authorspress,  |c 2001. 
300 |a 324p 
505 |a 1. Religious conversions 2. Psychology of religious conversion 3. Coversion: Buddhist experience 4. Christianity and conversion 5. Dynamics of conversion to Islam 6. Conversion to Judaism 7. Coversion of religious minorities to Baha'i faith 8. Conversions 
999 |c 52306  |d 52306 
952 |0 0  |1 0  |4 0  |6 291_420000000000000_MAT_C  |7 0  |9 52284  |a UL  |b UL  |c ST1  |d 2012-10-27  |l 1  |o 291.42 MAT/C  |p 75334  |r 2019-08-01  |s 2019-04-22  |w 2012-10-27  |y BK